000 00601nam a2200181 i 4500
001 61919
003 ES-MaACL
005 20230906164553.0
007 t|
008 031114s1929 sp ||||1| spa d
100 1 _aFalcao Espalter, Mario (
_dn. 1892)
_948688
245 1 0 _aFormación histórica del Uruguay
_b: (1810-1852) /
_cMario Falçao Espalter.
260 _aMadrid :
_b[Espasa-Calpe],
_c1929.
300 _a290 p. ;
_c20 cm.
651 4 _aUruguay-
_xHistoria-
_y1811-1830, Guerra de la Independencia.
_9168985
651 4 _aUruguay-
_xHistoria-
_y1830-1875.
_9155586
852 _aES-MaACL
_jB-3366
999 _c61919
_d61919